000 00381nam a2200133Ia 4500
003 GCL
008 140319s9999 xx 000 0 ara d
040 _aGCL /
_cGCL
082 0 4 _a343.04
_bط ع
245 1 0 _aالطعون الضريبية
260 _a[S.N] :
_bمنشاة المعارف الاسلامية ،
_c1990
300 _a444 ص
490 _aالكتب القانونية
_v0
999 _c59181
_d59181